Представление документа в формате RUSMARC

ПолеНазваниеЗначение
  Тип записи a
  Библиографический уровень a
001 Контрольный номер UONB/MAIN/9081bdbf81f8485198e88244b42177a3
005 Дата корректировки 20260324161753.3
100 Данные общей обработки __
a Данные общей обработки 20260324 ||| 0rusy0189 ca
101 Язык документа 0_
a Язык текста rus
102 Страна публикации __
a Страна публикации RU
200 Заглавие и сведения об ответственности 1_
a Заглавие История в лицах
f Первые сведения об ответственности С. Цветков
e Сведения, относящиеся к заглавию исторические очерки
203 Вид содержания и тип средства __
a Вид содержания Текст
c Тип средства непосредственный
225 Серия 1_
a Серия Публицистика
327 Примечание о содержании 01
a Примечание о содержании Хранитель гвоздя
a Примечание о содержании Карлик Петра Великого
330 Аннотация __
a Аннотация В статье рассказывается о человеке с интересной судьбой, жившем в Петровскую эпоху.
461 Уровень набора _0
1 2000
a Москва
1 011
a 0131-2332
463 Уровень физической единицы _0
1 2000
a № 2
v С. 180-195
1 2101
d 2026
1 001UONB/MAIN/6e50f35d945c4039a2380f28b38a9ca7
517 Другие варианты заглавия 1_
a Другие варианты заглавия Хранитель гвоздя
517 Другие варианты заглавия 1_
a Другие варианты заглавия Карлик Петра Великого
606 Тематические рубрики 0_
a Основная рубрика История
606 Тематические рубрики 0_
a Основная рубрика История России в целом
610 Ключевые слова 0_
a Ключевые слова исторические очерки
610 Ключевые слова 0_
a Ключевые слова история в литературе
610 Ключевые слова 0_
a Ключевые слова исторические миниатюры
610 Ключевые слова 0_
a Ключевые слова исторические персонажи
686 Индексы других классификаций __
2 Код системы rubbk
700 Автор _1
a Фамилия Цветков
b Имя (инициалы) С.
g Полное личное имя Сергей
4 Код отношения 070
801 Источник записи _0
a Страна RU
b Организация Ульяновская ОНБ
c Дата составления 20260324
g Правила каталогизации RCR
801 Источник записи _1
a Страна RU
b Организация Ульяновская ОНБ
c Дата составления 20260324
g Правила каталогизации RCR
901 Тип документа __
t Тип документа b
w Контрольный № источника UONB/MAIN/6e50f35d945c4039a2380f28b38a9ca7